000 00331nam a2200121Ia 4500
005 20251222152606.0
008 251222s9999||||xx |||||||||||||| ||spa||
082 _a262.91/U61
100 _aPastoral Universitaria UCSS
245 0 _aCarta EncĂ­clica Laudato Si sobre el Cuidado de la Casa ComĂșn
250 _a1ra.ed.
942 _cLIB
999 _c26792
_d26792